Miasta w województwie wielkopolskim - nagła śmierć - Statystyki

Ogólne statystyki
  • Ten quiz został rozwiązany 260 razy
    236 od ostatniego zresetowania
  • Średni wynik to 13 z 20
Answers on the Grid
Answers color-coded by a green-red scale on the quiz's grid according to % correct below.
Brodnica
Chełm
Częstochowa
Dębica
Głogów
Golub-Dobrzyń
Gorzów Wielkopolski
Grajewo
Hajnówka
Kartuzy
Kępno
Kołobrzeg
Kórnik
Kościan
Kraków
Leszno
Lubin
Międzychód
Mikołów
Nidzica
Nowy Sącz
Nowy Targ
Nowy Tomyśl
Oborniki
Opole
Ostrołęka
Ostrzeszów
Piotrków Trybunalski
Pleszew
Pruszków
Puszczykowo
Siemiatycze
Słupca
Śmigiel
Śrem
Suwałki
Szamotuły
Toruń
Trzcianka
Trzemeszno
Wągrowiec
Wałcz
Wieruszów
Włocławek
Wolsztyn
Września
Zabrze
Zakopane
Złotów
Żywiec
 
Statystyki odpowiedzi
Odpowiedź % Poprawnych
Leszno
82%
Kościan
79%
Kórnik
78%
Oborniki
76%
Września
73%
Szamotuły
72%
Śrem
70%
Nowy Tomyśl
69%
Wągrowiec
68%
Pleszew
65%
Kępno
64%
Słupca
64%
Wolsztyn
62%
Złotów
62%
Międzychód
59%
Puszczykowo
57%
Trzcianka
57%
Ostrzeszów
51%
Śmigiel
51%
Trzemeszno
45%
Nie znaleziono quizów pasujących do podanych kryteriów
Rozkład punktacji
Procent ludzi z każdym wynikiem
Percentyl według liczby udzielonych odpowiedzi
Twoja historia wyników
Nie rozwiązałeś tego quizu od ostatniego zresetowania